000
00482nam a2200145Ia 4500
008
090122s9999 xx 000 0 und d
082
_b
6975
_a
808.899282
100
_a
गडकर
_b
रेचल
245
_a
बिरबल आणि बादशाह भाग 1
600
_a
गडकर
630
_a
बिरबल आणि बादशाह भाग 1
700
_a
गडकर
730
_a
बिरबल आणि बादशाह भाग 1
942
_c
BOOK
999
_c
31052
_d
31052